000 01315nam a22003494a 4500
001 ebr10152552
003 CaPaEBR
006 m u
007 cr cn|||||||||
008 011211s2002 caua s 000 0 eng
010 _z 2001099188
020 _z0782140629
040 _aCaPaEBR
_cCaPaEBR
035 _a(OCoLC)50011219
050 1 4 _aQA76.3
_b.D34 2002eb
082 0 4 _a005.75/85
_221
100 1 _aDawes, Chip.
245 1 0 _aOCA/OCP
_h[electronic resource] :
_bintroduction to Oracle9i SQL : study guide /
_cChip Dawes, Biju Thomas.
250 _a1st ed.
260 _aSan Francisco, CA :
_bSybex,
_c2002.
300 _a539 p. :
_bill.
500 _a"Exam 1Z0-007"--Cover.
533 _aElectronic reproduction.
_bPalo Alto, Calif. :
_cebrary,
_d2013.
_nAvailable via World Wide Web.
_nAccess may be limited to ebrary affiliated libraries.
630 0 0 _aOracle (Computer file)
650 0 _aElectronic data processing personnel
_xCertification.
650 0 _aDatabase management
_xExaminations
_vStudy guides.
650 0 _aSQL (Computer program language)
655 7 _aElectronic books.
_2local
700 1 _aThomas, Biju.
710 2 _aebrary, Inc.
856 4 0 _uhttp://site.ebrary.com/lib/rucke/Doc?id=10152552
_zAn electronic book accessible through the World Wide Web; click to view
999 _c95560
_d95560